Linguaggio della fotografia (Il)-Parte seconda (120 diapos.) (Record n. 101003)
[ formato base ]
| 000 -LEADER | |
|---|---|
| fixed length control field | 00973njm a2200289Ia 4500 |
| 001 - CONTROL NUMBER | |
| control field | 37593 |
| 003 - CONTROL NUMBER IDENTIFIER | |
| control field | IT-RoPAU |
| 005 - DATE AND TIME OF LATEST TRANSACTION | |
| control field | 20220918181137.0 |
| 008 - FIXED-LENGTH DATA ELEMENTS--GENERAL INFORMATION | |
| fixed length control field | 131025s9999 xx 000 0 und d |
| 040 ## - CATALOGING SOURCE | |
| Original cataloging agency | IT-RoPAU |
| 040 ## - CATALOGING SOURCE | |
| Transcribing agency | IT-RoPAU |
| 041 ## - LANGUAGE CODE | |
| Language code of text/sound track or separate title | ITALIANO |
| 999 ## - SYSTEM CONTROL NUMBERS (KOHA) | |
| Koha Dewey Subclass [OBSOLETE] | n.d. |
| 100 ## - MAIN ENTRY--PERSONAL NAME | |
| Personal name | Taddei Nazareno |
| 9 (RLIN) | 19590 |
| 100 ## - MAIN ENTRY--PERSONAL NAME | |
| Relator term | Autore testo |
| 9 (RLIN) | 19591 |
| 100 ## - MAIN ENTRY--PERSONAL NAME | |
| Miscellaneous information | Codice autore testo SPICS: 890 |
| 9 (RLIN) | 19592 |
| 245 ## - TITLE STATEMENT | |
| Title | Linguaggio della fotografia (Il)-Parte seconda (120 diapos.) |
| 250 ## - EDITION STATEMENT | |
| Edition statement | 1a ed. |
| 260 ## - PUBLICATION, DISTRIBUTION, ETC. (IMPRINT) | |
| Place of publication, distribution, etc. | ROMA - TORINO |
| 260 ## - PUBLICATION, DISTRIBUTION, ETC. (IMPRINT) | |
| Name of publisher, distributor, etc. | CISCS - ELLE DI CI |
| Date of publication, distribution, etc. | 1978 [1a Ed.:1978 - Ed. Lingua Orig.: 1978] |
| 300 ## - PHYSICAL DESCRIPTION | |
| Extent | DIAPOMONTAGGIO |
| 300 ## - PHYSICAL DESCRIPTION | |
| Dimensions | (Testo: 64 pag.) |
| 500 ## - GENERAL NOTE | |
| General note | Diapomontaggio non sonorizzato. Linguaggio fotografico |
| 505 ## - FORMATTED CONTENTS NOTE | |
| Formatted contents note | Fotografia - Composizione fotografica - Idea fotografica - Colore - Racconto fotografico |
| 650 ## - SUBJECT ADDED ENTRY--TOPICAL TERM | |
| Topical term or geographic name as entry element | DIDATTICO [DIAPOMONTAGGIO NON SONORIZZATO] |
| Relator term | Codice MATERIA SPICS: 9972 |
| 9 (RLIN) | 19593 |
| 942 ## - ADDED ENTRY ELEMENTS (KOHA) | |
| Koha item type | DIAPOSITIVE |
| Source of classification or shelving scheme | Dewey Decimal Classification |
| Withdrawn status | Lost status | Damaged status | Not for loan | Home library | Current library | Date acquired | Total Checkouts | Full call number | Date last seen | Price effective from | Koha item type | Public note |
|---|---|---|---|---|---|---|---|---|---|---|---|---|
| Buone Condizioni | Not For Loan | SPICS-MEDIATECA | SPICS-MEDIATECA | 25/10/2013 | 37593 | 25/10/2013 | 25/10/2013 | DIAPOSITIVE | Progr. Ins.: 13519 / N.Vol.: 1 / Copie: 1 - Copia rara: n.d. / date import: 01.01.2014 - By Epidotti, Trombetti, Vaglietti |